000
00297nam a22001337a 4500
008
170721b xxu||||| |||| 00| 0 eng d
020
_a
9780072866094
041
_a
eng
080
_2
2ND
_a
004
100
_a
29
101
_a
SHKI
245
_a
PROGRAMMING LANGUAGE
_c
TUCKER, A.B
942
_2
udc
_c
BK
999
_c
21773
_d
21773